Efectos metabólicos del alcohol / (Record no. 176163)

MARC details
000 -LEADER
campo de control de longitud fija 01029nam a22002895i 4500
001 - NÚMERO DE CONTROL
campo de control 176163
003 - IDENTIFICADOR DE NÚMERO DE CONTROL
campo de control ES-MaACL
005 - FECHA Y HORA DE LA ÚLTIMA TRANSACCIÓN
campo de control 20230906220017.0
008 - DATOS DE LONGITUD FIJA--INFORMACIÓN GENERAL
campo de control de longitud fija 101221s1979 sp |||| | spa d
020 ## - NÚMERO INTERNACIONAL ESTÁNDAR DEL LIBRO
Número Internacional Estándar del Libro 84-345-1776-0
080 ## - NÚMERO DE LA CLASIFICACIÓN DECIMAL UNIVERSAL
Número de la Clasificación Decimal Universal 612.821.4:616.008.9
245 00 - MENCIÓN DEL TÍTULO
Título Efectos metabólicos del alcohol /
Mención de responsabilidad, etc. directores, Vincent Marks, John Wright ; consejo editorial G. M. Besser... [et al.] ; [traducción del inglés a cargo de J. Barrera].
260 ## - PUBLICACIÓN, DISTRIBUCIÓN, ETC.
Lugar de publicación, distribución, etc. Barcelona [etc.] :
Nombre del editor, distribuidor, etc. Salvat,
Fecha de publicación, distribución, etc. D. L. 1979.
300 ## - DESCRIPCIÓN FÍSICA
Extensión VIII, 214 p. ;
Dimensiones 25 cm.
490 1# - MENCIÓN DE SERIE
Mención de serie Clínica endocrinológica ;
Designación de volumen o secuencia 6/2
500 ## - NOTA GENERAL
Nota general Índice.
504 ## - NOTA DE BIBLIOGRAFÍA, ETC.
Nota de bibliografía, etc. Bibliografía.
594 ## - Nota al título y mención de responsabilidad
Nota al título y mención de responsabilidad Tít. original: Metabolic effects of alcohol.
650 04 - PUNTO DE ACCESO ADICIONAL DE MATERIA--TÉRMINO DE MATERIA
Término de materia o nombre geográfico como elemento de entrada Alcohol-
Subdivisión general Metabolismo.
9 (RLIN) 144437
700 1# - ENTRADA AGREGADA--NOMBRE PERSONAL
Nombre de persona Marks, Vincent.
9 (RLIN) 76927
700 1# - ENTRADA AGREGADA--NOMBRE PERSONAL
Nombre de persona Wright, John.
9 (RLIN) 144435
700 1# - ENTRADA AGREGADA--NOMBRE PERSONAL
Nombre de persona Besser, G. M.
9 (RLIN) 144431
700 1# - ENTRADA AGREGADA--NOMBRE PERSONAL
Nombre de persona Barrera, J.
9 (RLIN) 144436
830 0# - PUNTO DE ACCESO ADICIONAL DE SERIE-TÍTULO UNIFORME
Título uniforme Clínica endocrinológica ;
Designación de volumen o secuencia 6/2
9 (RLIN) 189956
852 ## - LOCALIZACIÓN
Ubicación ES-MaACL
Número de control de estantería E-13855
Encuadernación Olim P-263
Holdings
Estatus retirado Estado de pérdida Estado de daño No para préstamo Biblioteca de origen Biblioteca actual Ubicación en estantería Fecha de adquisición Fuente de adquisición Total de préstamos Signatura topográfica completa Código de barras Visto por última vez Precio de reemplazo Tipo de ítem Koha
        Biblioteca del Ateneo de Madrid Biblioteca del Ateneo de Madrid Depósito 2 21/12/2010     E-13855 1185013 23/02/2023 23/02/2023 Libro impreso